000 00600nam a22001937a 4500
003 OSt
008 260627b |||||||| |||| 00| 0 eng d
020 _a9781041038658
082 _a519.50285
_bS74P
100 _aSpeegle, Darrin
245 _aProbability, Statistics, and Data : A Fresh Approach Using R/ by Darrin Speegle and Bryan Clair
250 _a1st. ed.
260 _aBoca Raton :
_bCRC Press,
_c2025.
300 _axii, 500 p.
650 _aNatural sciences & mathematics
650 _aMathematical statistics
650 _aComputer applications / Data processing
942 _2ddc
_cBK
999 _c52379
_d52379